• 首页
  • 本馆介绍
  • 公告通知
  • 最新文献
  • 馆藏检索
  • 电子资源
  • 读者导购
  • 参考咨询
  • 我的图书馆
  • 登录
  • 详细信息显示
  • 放入我的书架
  • 预约/预借图书
  • 作者相关作品
  • 分类相关作品
  • 丛书相关作品
  • 出版社相关作品

书目信息

  • 表格格式
  • 工作单格式
  • 卡片格式
题名:
医学细胞生物学
    
 
作者: 胡火珍 , 税青林 主编
分册:  
出版信息: 北京   科学出版社  2015.1
页数: 284页
开本: 29cm
丛书名:
单 册:
中图分类: R329.2-43
科图分类:
主题词: 细胞生物学--人体细胞学--医学院校--教材
电子资源:
ISBN: 978-7-03-042238-5
000 01293nam0 2200313 450
001 0400001932
005 20171026083110.70
010    @a978-7-03-042238-5@dCNY58.00
100    @a20151327e20162015em y0chiy50 ea
101 0  @achi
102    @aCN@b110000
105    @aa az 000yy
106    @ar
200 1  @a医学细胞生物学@9yi xue xi bao sheng wu xue@dMedical cell biology@f胡火珍, 税青林主编@zeng
205    @a第7版
210    @a北京@c科学出版社@d2015.1@h2016.8
215    @a284页@c图@d29cm
300    @a“十二五”普通高等教育本科国家级规划教材 普通高等教育“十一五”国家级规划教材 供基础、临床、口腔、护理、预防、中西医、检验、法医、麻醉、眼视光及影像等专业使用
314    @a胡火珍,四川大学教授,博士生导师,中国细胞生物学学会常务理事。
314    @a税青林,男,泸州医学院教授,硕士生导师,四川省教学名师。
320    @a有书目(第258-260页)
330    @a本书围绕细胞生物学的基本概念、细胞生物学研究技术和方法、细胞的结构和功能、细胞的生命活动及其规律、细胞工程、细胞生物学的现状和前瞻内容进行介绍。
510 1  @aMedical cell biology@zeng
606 0  @a细胞生物学@x人体细胞学@x医学院校@j教材
690    @aR329.2-43@v5
701  0 @a胡火珍@9hu huo zhen@4主编
701  0 @a税青林@9shui qing lin@4主编
801  0 @aCN@b91MARC@c20171019
905    @b1031010-4@dR329.2-43@f5@e290=7
    
    医学细胞生物学=Medical cell biology/胡火珍, 税青林主编.-第7版.-北京:科学出版社,2015.1(2016.8)
    284页:图;29cm
    “十二五”普通高等教育本科国家级规划教材 普通高等教育“十一五”国家级规划教材 供基础、临床、口腔、护理、预防、中西医、检验、法医、麻醉、眼视光及影像等专业使用
    
    ISBN 978-7-03-042238-5:CNY58.00
    本书围绕细胞生物学的基本概念、细胞生物学研究技术和方法、细胞的结构和功能、细胞的生命活动及其规律、细胞工程、细胞生物学的现状和前瞻内容进行介绍。
●
相关链接 在E读中查询图书 在五车中查询图书 在当当中查询图书 在豆瓣中查询图书


正题名:医学细胞生物学     索取号:R329.2-43/290=7         预约/预借

序号 登录号 条形码 馆藏地/架位号 状态 备注
1 1031010   210310108   第二样本阅览室/ [索取号:R329.2-43/290=7] 在馆    
2 1031011   210310117   密集书库-生命科学系/ [索取号:R329.2-43/290=7] 在馆    
3 1031012   210310126   第三借阅区/ [索取号:R329.2-43/290=7] 在馆    
4 1031013   210310135   第三借阅区/ [索取号:R329.2-43/290=7] 在馆    
5 1031014   210310144   第三借阅区/ [索取号:R329.2-43/290=7] 在馆    
唐山师范学院图书馆 欢迎您!
大连网信软件有限公司© 版权所有